Normal view
MARC view
- Javier Lacalle, Thomas Neumeyer, Volker Altstadt
Entry Personal Name
001 - CONTROL NUMBER
- control field: 112501
003 - CONTROL NUMBER IDENTIFIER
- control field: NUST
005 - DATE AND TIME OF LATEST TRANSACTION
- control field: 20230522120655.0
008 - FIXED-LENGTH DATA ELEMENTS
- fixed length control field: 230522|| aca||aabn | a|a d
040 ## - CATALOGING SOURCE
- Original cataloging agency: NUST
- Transcribing agency: NUST
100 ## - HEADING--PERSONAL NAME
- Personal name: Javier Lacalle, Thomas Neumeyer, Volker Altstadt
670 ## - SOURCE DATA FOUND
- Source citation: Work cat.: (NUST): Lengsfeld, Hauke 54854, Composite technology :, 2021.
